Technically specified natural rubber and its relevance in modern rubber inductry (Record no. 70326)

MARC details
000 -LEADER
fixed length control field 00382nam a2200133Ia 4500
100 ## - MAIN ENTRY--AUTHOR NAME
Personal name Thomas E V
245 #0 - TITLE STATEMENT
Title Technically specified natural rubber and its relevance in modern rubber inductry
260 ## - PUBLICATION, DISTRIBUTION, ETC. (IMPRINT)
Name of publisher Indian Rubber Journal
Year of publication 1997
300 ## - PHYSICAL DESCRIPTION
Number of Pages 104-107
650 ## - SUBJECT ADDED ENTRY--TOPICAL TERM
Topical Term Plasticity retention index
650 ## - SUBJECT ADDED ENTRY--TOPICAL TERM
Topical Term TSR
942 ## - ADDED ENTRY ELEMENTS (KOHA)
Koha item type Journals
Holdings
Withdrawn status Lost status Damaged status Not for loan Home library Current library Shelving location Date acquired Serial Enumeration / chronology Koha item type
      Journals RRII Library RRII Library Rubber chemistry 17/12/2021 Volume 26, Issue Journals